| 000 | 00860nam a2200217 a 4500 | ||
|---|---|---|---|
| 001 | BRCA_8441 | ||
| 005 | 20190320210300.0 | ||
| 008 | 271015s19uu----fr-a######---#000-0#fre-# | ||
| 041 | _afre | ||
| 044 | _afr | ||
| 050 | 4 |
_aTT778 _b.A47 1900 |
|
| 245 | 1 | 0 |
_aAlphabet de la brodeuse _b[lettres, chiffres, monogrammes et ornements à points comptés, suivis d´une série de modèles avec calques pour broderie de blanc] _c[edité par Th. de Dillmont]. |
| 260 |
_aMulhouse ; Belfort ; París _bDollfus-Mieg & Cie, Société Anonyme _c[19-?] |
||
| 300 |
_a1 v. (en varias paginaciones) _bil. (algunas a color) _c10 cm. |
||
| 440 | 0 |
_a[Bibliotèque D.M.C.] _921132 |
|
| 500 | _aEstado físico: encuadernado, enero 2016 | ||
| 650 | 1 | 4 |
_aBordado _vPatrones _921133 |
| 650 | 1 | 4 |
_aAlfabetos _95465 |
| 700 | 1 |
_a[Dillmont, Th. de _d1846-1890 _eed.] _921134 |
|
| 942 |
_2lcc _cB |
||
| 999 |
_c8108 _d8108 |
||